Il documento legale anglosassone

Guardat en:
Dades bibliogràfiques
Autor principal: Abate, Salvatore Claudio
Format: Llibre
Idioma:anglès
Publicat: Milano
Etiquetes: Afegir etiqueta
Sense etiquetes, Sigues el primer a etiquetar aquest registre!

MARC

LEADER 00000nam a2200000 4500
001 CDOM0000003783
003 mi
005 20251006145335.0
008 251006b |||||||| |||| 00| 0 eng d
040 |c mi 
100 |a Abate, Salvatore Claudio 
245 1 |a Il documento legale anglosassone  
260 |a Milano 
942 |2 ddc  |c BK 
952 |0 0  |1 0  |2 ddc  |4 0  |7 0  |9 6994  |a MI  |b MI  |d 2009-08-31  |i 5509  |l 0  |p CDOM5509  |r 2025-07-13 16:28:00  |w 2025-07-13  |x DONO  |y BK 
999 |c 5711  |d 5711